Privatization in Transition Countries : Lessons from the First Decade /

A decade ago, with the breakup of the Soviet Union and the start of market-oriented reforms in many former socialist economies of Central and Eastern Europe, the prospect of privatizing inefficient state-owned companies figured prominently in both popular and academic writings. As the headline event...

पूर्ण विवरण

ग्रंथसूची विवरण
मुख्य लेखक: Havrylyshyn, Oleh
अन्य लेखक: McGettigan, Donal
स्वरूप: पत्रिका
भाषा:English
प्रकाशित: Washington, D.C. : International Monetary Fund, 2000.
विषय:
ऑनलाइन पहुंच:Full text available on IMF
LEADER 02214cas a2200277 a 4500
001 AALejournalIMF012349
008 230101c9999 xx r poo 0 0eng d
020 |c 5.00 USD 
020 |z 9781557758965 
040 |a BD-DhAAL  |c BD-DhAAL 
100 1 |a Havrylyshyn, Oleh. 
240 1 0 |a Privatization in Transition Countries: Lessons from the First Decade.  |l Czech 
245 1 0 |a Privatization in Transition Countries :   |b Lessons from the First Decade /  |c Oleh Havrylyshyn, Donal McGettigan. 
264 1 |a Washington, D.C. :  |b International Monetary Fund,  |c 2000. 
300 |a 1 online resource (19 pages) 
500 |a <strong>Off-Campus Access:</strong> No User ID or Password Required 
500 |a <strong>On-Campus Access:</strong> No User ID or Password Required 
506 |a Electronic access restricted to authorized BRAC University faculty, staff and students 
520 3 |a A decade ago, with the breakup of the Soviet Union and the start of market-oriented reforms in many former socialist economies of Central and Eastern Europe, the prospect of privatizing inefficient state-owned companies figured prominently in both popular and academic writings. As the headline event symbolizing change from central planning to capitalism, privatization seemet to promise an end to the inefficiencies of central planning- the key to freeing the resources and talents of this huge area and lifting its living standards to those of the industrial countries. What broad lessons were learned from the experience of the past ten years? Along with their successes, prominent failures have also marked this recent history, especially in Russia and in other countries of the former Soviet Union. The overall task ahead thus remains vast if the original vision of greater freedom and higher living standards is to be realized. 
538 |a Mode of access: Internet 
650 7 |a International Agreements and Observance  |2 imf 
650 7 |a International Organizations  |2 imf 
650 7 |a Investment Decisions  |2 imf 
650 7 |a Portfolio Choice  |2 imf 
700 1 |a McGettigan, Donal. 
856 4 0 |z Full text available on IMF  |u http://elibrary.imf.org/view/books/051/05435-9781557758965-cs/05435-9781557758965-cs-book.xml  |z IMF e-Library